| 000 | 00510nam a2200145Ia 4500 | ||
|---|---|---|---|
| 008 | 140724s9999 xx 000 0 und d | ||
| 050 |
_aTS 155 _b.C139 2009 |
||
| 100 | _aCajucom, Michael M. | ||
| 245 |
_aAutomated data delivery system for Micro Image International Corporation / _cMichael M. Cajucom. |
||
| 260 |
_aLas PiƱas, Philippines : _bSouthville International School and Colleges, _cc2009. |
||
| 300 |
_a52 p. : _bill. ; _c28 cm. |
||
| 521 | _aInformation Technology | ||
| 942 | _cTH | ||
| 999 |
_c228818 _d228818 |
||